| Tag |
First Indicator |
Second Indicator |
Subfields |
| LEADER |
00000cam a2200000 4500 |
| 001 |
in00000041166 |
| 005 |
20151007070651.0 |
| 008 |
721221s1963 maua b 00010 eng u |
| 010 |
|
|
|a 63017526
|
| 035 |
|
|
|a (OCoLC)00522955
|
| 035 |
|
|
|9 AAE4464AM
|
| 040 |
|
|
|c OUN
|d TXA
|d UtOrBLW
|
| 049 |
|
|
|a TXAM
|c [367099]
|
| 050 |
|
0 |
|a QH81
|b .A33
|
| 082 |
0 |
|
|a 574.081
|
| 092 |
|
|
|a 574
|b A262i, 1963
|
| 100 |
1 |
|
|a Agassiz, Louis,
|d 1807-1873.
|
| 245 |
1 |
4 |
|a The intelligence of Louis Agassiz ;
|b a specimen book of scientific writings /
|c Selected, with an introd. and notes by Guy Davenport. Foreword by Alfred S. Romer.
|
| 264 |
|
1 |
|a Boston :
|b Beacon Press,
|c [1963]
|
| 300 |
|
|
|a x, 237 pages :
|b illustrations ;
|c 22 cm.
|
| 336 |
|
|
|a text
|b txt
|2 rdacontent
|
| 337 |
|
|
|a unmediated
|b n
|2 rdamedia
|
| 338 |
|
|
|a volume
|b nc
|2 rdacarrier
|
| 504 |
|
|
|a "Bibliographical note: page 237."
|
| 650 |
|
0 |
|a Natural history.
|
| 700 |
1 |
|
|a Davenport, Guy.
|
| 999 |
|
|
|a MARS
|
| 999 |
f |
f |
|s df08f2d4-05c9-37ee-83e5-45c76a12e852
|i 103edc0d-653f-3882-b51c-5cb2742db722
|t 0
|
| 952 |
f |
f |
|p ric
|a Texas A&M University
|b Rellis Campus
|c Joint Library Facility
|d Remote Storage
|t 0
|e QH81 .A33
|h Library of Congress classification
|i unmediated -- volume
|m A14800969798
|
| 998 |
f |
f |
|a QH81 .A33
|t 0
|l Remote Storage
|